Remember us once in a while... : (Record no. 132701)

MARC details
000 -LEADER
fixed length control field 00844nam a22002417a 4500
003 - CONTROL NUMBER IDENTIFIER
control field dpl
005 - DATE AND TIME OF LATEST TRANSACTION
control field 20180818150622.0
008 - FIXED-LENGTH DATA ELEMENTS--GENERAL INFORMATION
fixed length control field 180818b xxu||||| |||| 00| 0 eng d
010 ## - LIBRARY OF CONGRESS CONTROL NUMBER
LC control number A-943699
020 ## - INTERNATIONAL STANDARD BOOK NUMBER
Terms of availability 55.00
International Standard Book Number 8123006691
035 ## - SYSTEM CONTROL NUMBER
System control number A-943699, A-943706
037 ## - SOURCE OF ACQUISITION
Source of stock number/acquisition Cen Lib/Ret
040 ## - CATALOGING SOURCE
Original cataloging agency DPL
Language of cataloging EN
Transcribing agency 0
082 ## - DEWEY DECIMAL CLASSIFICATION NUMBER
Classification number 080
Item number REM
245 ## - TITLE STATEMENT
Title Remember us once in a while... :
Statement of responsibility, etc translated by D. N. Chaturvedi
Remainder of title letters of martyrs /
260 ## - PUBLICATION, DISTRIBUTION, ETC. (IMPRINT)
Place of publication, distribution, etc New Delhi
Name of publisher, distributor, etc Publications Division, Ministry of Information and Broadcasting, Government of India
Date of publication, distribution, etc 1998
270 ## - ADDRESS
Address Patiala House, Tilak Marg
City New Delhi
Postal code 110001
300 ## - PHYSICAL DESCRIPTION
Extent 160p.
Dimensions 21cm(Hb)
650 ## - SUBJECT ADDED ENTRY--TOPICAL TERM
Topical term or geographic name as entry element Revolutionaries -- India -- Correspondence
9 (RLIN) 35504
650 ## - SUBJECT ADDED ENTRY--TOPICAL TERM
Topical term or geographic name as entry element Revolutionaries
9 (RLIN) 28165
700 ## - ADDED ENTRY--PERSONAL NAME
Personal name Chaturvedi, D. N
9 (RLIN) 35503
942 ## - ADDED ENTRY ELEMENTS (KOHA)
Source of classification or shelving scheme Dewey Decimal Classification
Koha item type English Books
Classification part 080
Call number suffix REM
Holdings
Withdrawn status Lost status Damaged status Not for loan Home library Current library Date acquired Source of acquisition Cost, normal purchase price Total Checkouts Full call number Barcode Date last seen Copy number Cost, replacement price Price effective from Koha item type Source of classification or shelving scheme Collection code
        Central Library Central Library 23/07/2015 Cen Lib/Ret 55.00   080 REM A-943699 23/07/2015 1 55.00 23/07/2015 English Books    
        Shahdara Branch Shahdara Branch 18/08/2018 BPPD/PUB 55.00   080 REM A-943706 18/08/2018   55.00 18/08/2018 English Books Dewey Decimal Classification Non-fiction

© Delhi Public Library
Hit Counter
free hit counter